Регионална библиотека "Любен Каравелов" - Русе

Депеш Мод (Запис номер 326136)

MARC детайли
000 -Лидер
Контролно поле с фиксирана дължина 01253nam a2200277 a 4500
003 - Код на организацията, давaща контролен номер
Контролно поле BLK
005 - Дата и час на последна редакция
Контролно поле 20250214135343.0
008 - Елементи от данни с фиксирана дължина
fixed length control field 181109b bu ||||| |||| 00| 0 bu d
020 ## - Международен стандартен номер на книга ISBN
Международен стандартен номер на книга ISBN 9789545532276
040 ## - Източник на каталожния запис
Идентификатор на билиотеката - собственик на записа BLK
041 ## - Код за език
Код за езика на текст/звукозапис или на отделно заглавие Български
Код за езика КДБФ Български
080 ## - УДК
Текстов определител УДК Украинска литература
УДК код - определител по УДК 821.161.2
УДК определител -31
УДК - код + определител 821.161.2-31
100 ## - Редна дума - Автор
Автор Жадан, Сергий Викторович
Авторска отговорност първи автор
R(LIN) 1299
139 ## - Редно поле
Редна дума Жадан, Сергий Викторович
Авторски знак Жад - Ж 15
245 ## - Сведения за заглавието
Заглавие Депеш Мод
Редно поле (дума) Сергий Жадан ; прев. от укр. Райна Камберова.
260 ## - Област на издателските данни
9 (RLIN) 209722
Място на издаване, разпространение и проч. София
Име на издателя, разпространителя и проч. Парадокс
Година на издаване 2017
300 ## - Физическа характеристика
Страници 242 с.
Размери/Мащаб 22 см
380 ## - Жанр
Жанр Худож. лит.
490 ## - СЕРИИ (Колекции)
9 (RLIN) 389850
Име на серия Колекция Елит XXI
500 ## - Общи забележки
Забележка Ориг. загл.: Депеш Мод. - Биогр. данни за авт. отбелязани на гърба на кор. - Биогр. данни за прев. отбелязани на с. 241.<br/>
700 ## - Други автори (авторска отговорност)
Лично име Камберова, Райна Христова
Дати, свързани с автора 1977 -
Друга информация Преводач от украински език.
9 (RLIN) 295295
852 ## - Местоположение
Форматна сигнатура Цб 291349
Фондова буква Хранилище
999 ## - СИСТЕМНИ КОНТРОЛНИ НОМЕРА
Koha biblionumber 326136
Koha biblioitemnumber 326136
942 ## - АРТИКУЛИ
Източник на класификационната схема Universal Decimal Classification
Вид на библиотечния материал Книги
Скрит в OPAC Не
Периодичен библиозапис Да
Koha issues (borrowed), all copies 4
999 ## - СИСТЕМНИ КОНТРОЛНИ НОМЕРА
Koha biblioitemnumber 326136
944 ## - СЪЗДАВАНЕ И РЕДАКЦИЯ на ЗАПИСА
Служител, извършил регистрацията/редакцията 30560
Статус, дата на статуса Геновева Генчева
Наличности
Код за отписване Код за изгубен артикул Източник на класификационната схема Код за повреда Коз за рестрикции Код за отдаване Артикулен № Име на библиотеката - собственик Име на библиотеката, в която се намира в момента Статус (Текущо местоположение) Дата на вписване в системата Местоположение - отдел Цена в лева Систематично азбучна сигнатура Баркод Цена в евро Служебен тип на артикула
  Не е изгубен Universal Decimal Classification Не е повреден без рестрикции ползва се в читалня 683545 Регионална библиотека "Любен Каравелов" Русе Регионална библиотека "Любен Каравелов" Русе Хранилище 2018-11-30 Хранилище 16.00 Цб 291349 120000824880 8.18 Книги
  Не е изгубен Universal Decimal Classification Не е повреден без рестрикции заемане за дома 801702 Регионална библиотека "Любен Каравелов" Русе Регионална библиотека "Любен Каравелов" Русе Заемна - подръчен фонд 2020-09-30 Заемна - подръчен фонд 10.40 821-31/Ж 15 С 120000848135 5.32 Книги
Vip Innovations Ltd, Rousse, Bulgaria 2025